MARC

LEADER 00000nam0a2200000 4500
001 69010
005 20231031075325.0
010 |a 5935170485 
035 |a (RuTPU)RU\TPU\book\73479 
090 |a 69010 
100 |a 20041013d2004 m y0rusy50 ca 
101 0 |a rus 
102 |a RU 
105 |a y z 000zy 
200 1 |a Азбука программирования в Win 32 API  |f П. В. Румянцев 
205 |a 4-е изд. 
210 |a Москва  |c Горячая линия-Телеком  |d 2004 
215 |a 310 с. 
610 1 |a программирование 
610 1 |a операционные системы 
610 1 |a Windows 95 
610 1 |a Windows NT 
610 1 |a Win32 API 
675 |a 681.3.066  |v 3 
700 1 |a Румянцев  |b П. В.  |g Павел Васильевич 
801 1 |a RU  |b 63413507  |c 20041013  |g PSBO 
801 2 |a RU  |b 63413507  |c 20041101  |g PSBO 
942 |c BK